Visualizzazione normale
Vista MARC
- Migliarese Mario
di Personal Name
Records bibliografici associati: 1
001 - CONTROL NUMBER
- control field: 29093
003 - CONTROL NUMBER IDENTIFIER
- control field: IT-RoPau
005 - DATE AND TIME OF LATEST TRANSACTION
- control field: 20140612160217.0
008 - FIXED-LENGTH DATA ELEMENTS
- fixed length control field: 140612|| aca||aabn | a|a d
040 ## - CATALOGING SOURCE
- Original cataloging agency: IT-RoPau
- Transcribing agency: IT-RoPau
100 ## - HEADING--PERSONAL NAME
- Personal name: Migliarese Mario
- Dates associated with a name: Codice autore testo/musica SPICS: 23927
- Relator term: Autore testo/musica
- Name of part/section of a work: Mi hai chiamato a te
670 ## - SOURCE DATA FOUND
- Source citation: Work cat.: (IT-RoPau)99473: AA.VV. 794, Ti ha dato tutto